Biosistemas integrados y sus interrelaciones con el desarrollo sostenible y el desarrollo humano y social (Registro nro. 7627)

Detalles MARC
000 -CABECERA
Campo de control 00871nam a22002537a 4500
005 - FECHA Y HORA DE LA ULTIMA TRANSACCION
Campo de control 20200104041619.0
008 - ELEMENTOS DE LONGITUD FIJA—INFORMACION GENERAL
Campo de control 130828b2010 ck ||||| |||| 00| 0 spa d
020 ## - ISBN
ISBN 9789589935118
041 ## - IDIOMA
Código de idioma para texto/pista de sonido o título separado Español
044 ## - PAÍS DE PUBLICACIÓN
País de publicación Colombia
082 ## - NUMERO DE CLASIFICACION DECIMAL DEWEY
Número de clasificación 370.19346
Número del ítem S48b
100 1# - ASIENTO PRINCIPAL--NOMBRE PERSONAL
Nombre personal Serna-Bayona, Ciro Alfonso
245 1# - MENCION DE TITULO
Título Biosistemas integrados y sus interrelaciones con el desarrollo sostenible y el desarrollo humano y social
Mención de responsabilidad Ciro Alfonso Serna-Mendoza...[et al].
260 ## - PUBLICACION, DISTRIBUCION, ETC. (PIE DE IMPRENTA)
Lugar de publicación, distribución, etc. Manizalez, Colombia
Nombre del editor, distribuidor, etc. CORPOCALDAS
Fecha de publicación, distribución, etc. 2010
300 ## - DESCRIPCION FISICA
Extensión 78 p.
Otros detalles físicos il., tablas
Dimensiones 28 cm.
650 ## - ASIENTO SECUNDARIO DE MATERIA - TERMINO TEMATICO
Término temático o nombre geográfico como elemento de entrada Ecología humana
650 ## - ASIENTO SECUNDARIO DE MATERIA - TERMINO TEMATICO
Término temático o nombre geográfico como elemento de entrada Ecología social
650 ## - ASIENTO SECUNDARIO DE MATERIA - TERMINO TEMATICO
Término temático o nombre geográfico como elemento de entrada Desarrollo sostenible
650 ## - ASIENTO SECUNDARIO DE MATERIA - TERMINO TEMATICO
Término temático o nombre geográfico como elemento de entrada Biosistemas
700 ## - ASIENTO SECUNDARIO - NOMBRE PERSONAL
Nombre personal Salazar de Cardona, Melva
700 ## - ASIENTO SECUNDARIO - NOMBRE PERSONAL
Nombre personal Rodríguez-Valencia, Nelson
700 ## - ASIENTO SECUNDARIO - NOMBRE PERSONAL
Nombre personal Álvarez-León, Ricardo
942 ## - ELEMENTOS ADICIONALES (KOHA)
Sistema de clasificación Dewey Decimal Classification
Tipo de ítem Impreso
Existencias
Withdrawn status Lost status Sistema de Clasificación Damaged status No para préstamo Colección Inventariado Ubicación Permanente Ubicación actual Fecha de adquisición Fuente de Valor Valor Total Checkouts Número topográfico Inventario / Código de Barras Date last seen Ejemplar Price effective from Forma de adquisición Tipo de material Total Renewals Date checked out
    Dewey Decimal Classification     General Inventariado 2017 Sala Fabio Quevedo Sala Fabio Quevedo 28/08/2013 Instituto 39000.00   LB-370.19346 S48b 058425 28/08/2013 Ej. 1 28/08/2013 Donación Libro    
    Dewey Decimal Classification     General Inventariado 2017 Sala Fabio Quevedo Sala Fabio Quevedo 29/06/2016 Instituto 39000.00 2 LB-370.19346 S48b 040529 20/02/2019 Ej. 2 29/06/2016 Donación Libro 2 18/12/2018